000 00904nam a2200253Ia 4500
003 OSt
005 20221005112512.0
006 a|||||r|||| 00| 0
007 ta
008 221004b |||||||| |||| 00| 0 pan d
020 _a9789350688168 (hbk)
_c400
024 _a13963
037 _b887, 08/09/2014, H.K. Prakashan
_cTextual
040 _aCRL
_cCRL
_bpan
041 _2pan
_apan
082 _aO153,1x, Q4
100 _aਸੁਖਵਿੰਦਰ ਅੰਮ੍ਰਿਤ, ਥਦ.
_9158876
245 0 _aਰਿFਤਿਆਂ ਦੀ ਰੰਗੋਲੀ
260 _aਚੰਡੀਗੜ
_bਲੋਕਗੀਤ ਪ੍ਰਕਾFਨ ਭਾਰਤ
_c2014
300 _a303ਪੰ
_ccm.
650 _aਪੰਜਾਬੀ ਸਾਹਿਤ
942 _hO153,1x, Q4
_cTEXL
_2cc
999 _c1025078
_d1025078